Introducción al análisis filosófico /

Bibliographic Details
Main Author: Hospers, John 1918-
Format: Libro
Language:Spanish
Published: Madrid, España Alianza 1984
Edition:2a.ed.
Series:Alianza. Universidad. Textos 55
Subjects:
Online Access:

MARC

LEADER 00000cam a2200000 a 4500
001 000698
003 UAHC_CL
005 20170803115647.0
008 010822b1984 sp g 000 spa
020 |a 8420680559 
040 |a UAHC_CL  |c UAHC_CL  |d UAHC_CL 
082 0 4 |a 100 H828 
100 1 |a Hospers, John  |d 1918- 
245 1 0 |a Introducción al análisis filosófico /  |c John Hospers. 
250 |a 2a.ed. 
260 |b Alianza  |c 1984  |a Madrid, España 
300 |a 758 p. 
490 0 |a Alianza. Universidad. Textos  |v 55 
650 4 |a ANALISIS (FILOSOFIA) 
900 |a 100 HOS 
942 |c BK 
952 |0 0  |1 0  |4 0  |6 100_000000000000000_HOS  |7 0  |8 General  |9 1254  |a BC  |b BC  |c General  |d 2017-08-03  |l 1  |o 100 HOS  |p 1301146  |r 2026-01-07 00:00:00  |s 2020-01-30  |t 1  |w 2017-08-03  |y BK 
999 |c 698  |d 698